| 000 | 00684nam a2200181Ia 4500 | ||
|---|---|---|---|
| 003 | IN-BaIIA | ||
| 008 | 211028s9999 xx 000 0 eng d | ||
| 040 | _cIIA Library | ||
| 080 |
_a523.9-7 _bSOL |
||
| 111 |
_aSymposium on Solar Radiations and the Earth _cDelhi _d1971 Jun. 21-26 _97709 |
||
| 245 | 0 |
_aSolar radiations and the earth _bproceedings of the symposium on solar radiations and the earth held at Delhi University, Delhi, June 21-26, 1971 _cedited by J. N. Tandon |
|
| 260 |
_aDelhi _bHindustan Publishing _c1973 |
||
| 300 | _ax, 342p. | ||
| 650 | _aAstronomy and astrophysics thesaurus | ||
| 650 |
_aSolar activity _91424 |
||
| 700 |
_aTandon, J. N., ed. _97710 |
||
| 942 | _cBK | ||
| 999 |
_c4411 _d4411 |
||